00838 2200181 4500001002100000005001500021035002000036245004200056100002000098250001700118300003400135260003100169082000800200084001400208020002200222650001700244520039500261INLIS00000000000016420240510060946 a0010-05240000861 aMy Trip My Tafakur /cAnisa Widiyarti0 aAnisa Widiyarti acetakan ke-1 aviii, 88 hlm :bilus ;c24 cm aSolo :bTiga Ananda,c2018 a813 a813 ANI m a978-602-366-416-0 4aReligi Islam a“My Trip, My Tafakur berupa kumpulan cerita tentang petualangan anak-anak di alam. Tak sekadar bertualang, anak-anak tersebut juga menunjukkan teladan-teladan sikap positif saat berinteraksi dengan alam. Dengan buku ini, diharapkan anak-anak tahu bagaimana kamping di alam yang baik dengan tetap menjaga keindahan alam, Dan, yang paling penting tak melupakan kewajiban untuk beribadah”